AH International Schools' Libraries

Normal view MARC view
  • Khmer and French Poem

Entry Topical Term

Number of records used in: 1

001 - CONTROL NUMBER

  • control field: 87193

003 - CONTROL NUMBER IDENTIFIER

  • control field: OSt

005 - DATE AND TIME OF LATEST TRANSACTION

  • control field: 20260206080616.0

008 - FIXED-LENGTH DATA ELEMENTS

  • fixed length control field: 260206|| aca||aabn | a|a d

040 ## - CATALOGING SOURCE

  • Original cataloging agency: OSt
  • Transcribing agency: OSt

150 ## - HEADING--TOPICAL TERM

  • Topical term or geographic name as entry element: Khmer and French Poem

670 ## - SOURCE DATA FOUND

  • Source citation: Work cat.: (OSt)50153: Hang Khmaw 87192, (KHMER) Neang Keo Kinnorey: The tale of the Celestial Bird /, 2025

For any Logos Library related questions please contact Miss Art at swongnarasuk@asianhope.org.

For any Asian Hope Library related questions please contact Miss Raza at graza@asianhope.org.

Click here to explore our ebooks!

Powered by Koha